Pays par deux dernières lettres - Statistiques

Statistiques générales
  • Ce quiz a été pris 1 783 fois
    1 580 depuis la dernière actualisation
  • Le résultat moyen est 136 sur 196
Statistiques - réponses
Pays % Correct
Albanie
96%
Algérie
96%
Arménie
96%
Australie
96%
Biélorussie
96%
Birmanie
96%
Bolivie
96%
Bulgarie
96%
Colombie
96%
Croatie
96%
Estonie
96%
Ethiopie
96%
Gambie
96%
Géorgie
96%
Hongrie
96%
Indonésie
96%
Italie
96%
Jordanie
96%
Lettonie
96%
Lituanie
96%
Malaisie
96%
Mauritanie
96%
Micronésie
96%
Moldavie
96%
Mongolie
96%
Namibie
96%
Roumanie
96%
Russie
96%
Sainte-Lucie
96%
Serbie
96%
Slovaquie
96%
Slovénie
96%
Somalie
96%
Syrie
96%
Tanzanie
96%
Tunisie
96%
Turquie
96%
Zambie
96%
Allemagne
95%
Argentine
95%
Bosnie-Herzégovine
95%
Chine
95%
Espagne
95%
Pologne
95%
République Centrafricaine
95%
République Dominicaine
95%
Sierra Leone
95%
Ukraine
95%
Afghanistan
91%
Azerbaïdjan
91%
Bhoutan
91%
France
91%
Grèce
91%
Iran
91%
Kazakhstan
91%
Kirghizistan
91%
Liban
91%
Maurice
91%
Oman
91%
Ouzbékistan
91%
Pakistan
91%
Soudan
91%
Tadjikistan
91%
Taïwan
91%
Turkménistan
91%
Vatican
91%
Barbade
90%
Finlande
90%
Grenade
90%
Inde
90%
Irlande
90%
Islande
90%
Nouvelle-Zélande
90%
Suède
90%
Thaïlande
90%
Belgique
84%
Dominique
84%
Jamaïque
84%
Mexique
84%
Mozambique
84%
République Tchèque
84%
Antigua-et-Barbuda
78%
Canada
78%
Népal
78%
Ouganda
78%
Portugal
78%
Rwanda
78%
Sénégal
78%
Timor Oriental
78%
Emirats Arabes Unis
76%
Etats-Unis
76%
Arabie Saoudite
75%
Egypte
75%
Gabon
75%
Iles Salomon
75%
Japon
75%
Malte
75%
Andorre
73%
Chypre
73%
Côte d'Ivoire
73%
Afrique du Sud
70%
Corée du Sud
70%
Soudan du Sud
70%
Angola
69%
Cambodge
69%
Guatemala
69%
Norvège
69%
Venezuela
69%
Comores
65%
Maldives
65%
Philippines
65%
Saint-Christophe-et-Niévès
65%
Saint-Vincent-et-les-Grenadines
65%
Seychelles
65%
Botswana
63%
Erythrée
63%
Ghana
63%
Guinée
63%
Guyana
63%
Papouasie-Nouvelle-Guinée
63%
Bahamas
62%
Bahreïn
62%
Bénin
62%
Brésil
62%
Honduras
62%
Liechtenstein
62%
Pays-Bas
62%
Saint-Marin
62%
Chili
60%
Eswatini
60%
Mali
60%
Royaume-Uni
60%
Djibouti
58%
Haïti
58%
Kiribati
58%
Suisse
58%
Congo
57%
République Démocratique du Congo
57%
Togo
57%
Trinité-et-Tobago
57%
Corée du Nord
54%
Macédoine du Nord
54%
Yémen
54%
Madagascar
53%
Qatar
53%
Guinée Equatoriale
51%
Maroc
50%
Suriname
48%
Laos
46%
Palaos
46%
Pérou
46%
Panama
44%
Paraguay
44%
Uruguay
44%
Vanuatu
44%
Viêt-Nam
44%
Autriche
43%
Danemark
43%
Kosovo
43%
Libye
43%
Tuvalu
42%
Zimbabwe
42%
Israël
40%
Irak
39%
Liberia
39%
Nigeria
39%
Costa Rica
38%
Equateur
38%
Singapour
38%
Cuba
37%
Monaco
37%
Nicaragua
36%
Belize
35%
Luxembourg
35%
Niger
35%
Guinée-Bissau
34%
Fidji
33%
Sao Tomé-et-Principe
33%
Koweït
32%
Nauru
32%
Tonga
31%
Burundi
30%
Brunei
29%
Iles Marshall
29%
Kenya
29%
Lesotho
29%
Monténégro
29%
Samoa
29%
Burkina Faso
28%
Salvador
28%
Tchad
28%
Bangladesh
27%
Cameroun
26%
Sri Lanka
26%
Malawi
24%
Cap-Vert
21%
Aucun quiz correspondant
Distribution des résultats
% des personnes avec chaque résultat
Percentile par nombre de réponses
Votre historique - résultats
Vous n’avez pas pris ce quiz depuis la dernière actualisation